Population monograph of Nepal
Wedi'i Gadw mewn:
| Awdur Corfforaethol: | |
|---|---|
| Fformat: | Llyfr |
| Iaith: | English |
| Cyhoeddwyd: |
Kathmandu ;
Central Bureau of Statistics ,
c2003.
|
| Pynciau: | |
| Mynediad Ar-lein: | Visit NHRC Library |
| Tagiau: |
Ychwanegu Tag
Dim Tagiau, Byddwch y cyntaf i dagio'r cofnod hwn!
|
| LEADER | 00699nam a22002057a 4500 | ||
|---|---|---|---|
| 003 | OSt | ||
| 005 | 20220906184648.0 | ||
| 008 | 151008b xxu||||| |||| 00| 0 eng d | ||
| 082 | |a 304.6 | ||
| 110 | |a Central Bureau of Statistics |9 3413 | ||
| 245 | |a Population monograph of Nepal | ||
| 260 | |a Kathmandu ; |b Central Bureau of Statistics , |c c2003. | ||
| 300 | |a 412p. | ||
| 490 | |v Vol.1 | ||
| 650 | |a Population Monograph. |9 3414 | ||
| 650 | |a Nepal. |9 3415 | ||
| 856 | |u http://nhrc.org.np/contact |y Visit NHRC Library | ||
| 942 | |2 ddc |c REP | ||
| 952 | |0 0 |1 0 |2 NLM |4 0 |6 304_600000000000000_CBS_2003 |7 0 |9 2316 |a NHRC |b NHRC |c CART |d 2015-10-08 |l 0 |o 304.6/CBS/2003 |p 0001307 |r 2015-10-08 |w 2015-10-08 |y REP | ||
| 999 | |c 2229 |d 2229 | ||